Paper Towns / (Record no. 31276)

MARC details
000 -LEADER
fixed length control field 02468cam a2200589 i 4500
001 - CONTROL NUMBER
control field ocn311783695
003 - CONTROL NUMBER IDENTIFIER
control field OCoLC
005 - DATE AND TIME OF LATEST TRANSACTION
control field 20251204082807.0
007 - PHYSICAL DESCRIPTION FIXED FIELD--GENERAL INFORMATION
fixed length control field t|
008 - FIXED-LENGTH DATA ELEMENTS--GENERAL INFORMATION
fixed length control field 090302t20092008nyu d 000 1 eng d
010 ## - LIBRARY OF CONGRESS CONTROL NUMBER
Canceled/invalid LC control number 2007052659
020 ## - INTERNATIONAL STANDARD BOOK NUMBER
International Standard Book Number 9780142414934
Qualifying information paperback
020 ## - INTERNATIONAL STANDARD BOOK NUMBER
International Standard Book Number 014241493X
Qualifying information paperback
035 ## - SYSTEM CONTROL NUMBER
System control number 1188598
040 ## - CATALOGING SOURCE
Original cataloging agency BTCTA
Transcribing agency BTCTA
Modifying agency NYP
-- XY4
-- YDXCP
-- CDX
-- TnLvILS
-- UtOrBLW
Language of cataloging eng
Description conventions rda
043 ## - GEOGRAPHIC AREA CODE
Geographic area code n-us-fl
100 1# - MAIN ENTRY--PERSONAL NAME
Personal name Green, John,
Dates associated with a name 1977-
Authority record control number n 2004028710
-- http://id.loc.gov/authorities/names/n2004028710,
Relator term author.
Relator code aut.
245 10 - TITLE STATEMENT
Title Paper Towns /
Statement of responsibility, etc. John Green.
264 #1 - PRODUCTION, PUBLICATION, DISTRIBUTION, MANUFACTURE, AND COPYRIGHT NOTICE
Place of production, publication, distribution, manufacture New York :
Name of producer, publisher, distributor, manufacturer Speak,
Date of production, publication, distribution, manufacture, or copyright notice 2009.
264 #4 - PRODUCTION, PUBLICATION, DISTRIBUTION, MANUFACTURE, AND COPYRIGHT NOTICE
Date of production, publication, distribution, manufacture, or copyright notice ℗♭2008.
300 ## - PHYSICAL DESCRIPTION
Extent 305 pages ;
Dimensions 21 cm.
336 ## - CONTENT TYPE
Content type term text
Source rdacontent
Content type code txt.
337 ## - MEDIA TYPE
Media type term unmediated
Source rdamedia
Media type code n.
338 ## - CARRIER TYPE
Carrier type term volume
Source rdacarrier
Carrier type code nc.
500 ## - GENERAL NOTE
General note Includes author's note and discussion questions.
520 ## - SUMMARY, ETC.
Summary, etc. One month before graduating from his Central Florida high school, Quentin "Q" Jacobsen basks in the predictable boringness of his life until the beautiful and exciting Margo Roth Spiegelman, Q's neighbor and classmate, takes him on a midnight adventure and then mysteriously disappears.
521 8# - TARGET AUDIENCE NOTE
Target audience note 850
Source Lexile.
526 0# - STUDY PROGRAM INFORMATION NOTE
Program name Accelerated Reader
Interest level UG
Reading level 5.4
Title point value 13.0
Public note 125323.
586 8# - AWARDS NOTE
Awards note Edgar Allan Poe Award for Best Young Adult, 2009.
586 8# - AWARDS NOTE
Awards note YALSA's Teens' Top Ten, 2009.
650 #0 - SUBJECT ADDED ENTRY--TOPICAL TERM
Topical term or geographic name as entry element Missing persons
Authority record control number sh2010102095
-- http://id.loc.gov/authorities/subjects/sh2010102095
Form subdivision Juvenile fiction.
650 #0 - SUBJECT ADDED ENTRY--TOPICAL TERM
Topical term or geographic name as entry element High school seniors
Authority record control number sh 85060708
Form subdivision Juvenile fiction.
650 #0 - SUBJECT ADDED ENTRY--TOPICAL TERM
Topical term or geographic name as entry element Revenge
Authority record control number sh2010110975
-- http://id.loc.gov/authorities/subjects/sh2010110975
Form subdivision Juvenile fiction.
650 #0 - SUBJECT ADDED ENTRY--TOPICAL TERM
Topical term or geographic name as entry element Neighbors
Authority record control number sh2004003355
Form subdivision Juvenile fiction.
650 #0 - SUBJECT ADDED ENTRY--TOPICAL TERM
Topical term or geographic name as entry element Missing persons
Form subdivision Fiction.
650 #0 - SUBJECT ADDED ENTRY--TOPICAL TERM
Topical term or geographic name as entry element High school seniors
Form subdivision Fiction.
650 #0 - SUBJECT ADDED ENTRY--TOPICAL TERM
Topical term or geographic name as entry element Revenge
Form subdivision Fiction.
650 #0 - SUBJECT ADDED ENTRY--TOPICAL TERM
Topical term or geographic name as entry element Neighbors
Form subdivision Fiction.
650 #0 - SUBJECT ADDED ENTRY--TOPICAL TERM
Topical term or geographic name as entry element Bildungsromans.
650 #0 - SUBJECT ADDED ENTRY--TOPICAL TERM
Topical term or geographic name as entry element Detective and mystery stories.
650 #1 - SUBJECT ADDED ENTRY--TOPICAL TERM
Topical term or geographic name as entry element Missing persons
Authority record control number sh2010102095
-- http://id.loc.gov/authorities/subjects/sh2010102095
Form subdivision Fiction.
650 #1 - SUBJECT ADDED ENTRY--TOPICAL TERM
Topical term or geographic name as entry element High school seniors
Form subdivision Fiction.
650 #1 - SUBJECT ADDED ENTRY--TOPICAL TERM
Topical term or geographic name as entry element Revenge
Form subdivision Fiction.
650 #1 - SUBJECT ADDED ENTRY--TOPICAL TERM
Topical term or geographic name as entry element Neighbors
Authority record control number sh2004003355
Form subdivision Fiction.
650 #1 - SUBJECT ADDED ENTRY--TOPICAL TERM
Topical term or geographic name as entry element Coming of age
Form subdivision Fiction.
650 #1 - SUBJECT ADDED ENTRY--TOPICAL TERM
Topical term or geographic name as entry element Mystery and detective stories.
651 #0 - SUBJECT ADDED ENTRY--GEOGRAPHIC NAME
Geographic name Florida
Authority record control number n 79053995
Form subdivision Juvenile fiction.
651 #0 - SUBJECT ADDED ENTRY--GEOGRAPHIC NAME
Geographic name Florida
Form subdivision Fiction.
651 #1 - SUBJECT ADDED ENTRY--GEOGRAPHIC NAME
Geographic name Florida
Form subdivision Fiction.
907 ## - LOCAL DATA ELEMENT G, LDG (RLIN)
a .b225563435
942 ## - ADDED ENTRY ELEMENTS (KOHA)
Koha item type Libro/Book
Holdings
Withdrawn status Lost status Damaged status Not for loan Home library Current library Date acquired Total Checkouts Full call number Barcode Date last seen Price effective from Koha item type
        San Juan Del Sur -- Biblioteca San Juan Del Sur -- Biblioteca 04/12/2025   F 30023604 04/12/2025 04/12/2025 Libro/Book

Powered by Koha